fast typing sentences - Statistics

General Stats
  • This quiz has been taken 2,923 times
  • The average score is 4 of 5
Answer Stats
Hint Answer % Correct
Can you see me? Can you see me?
98%
The dog chased after the mailman. The dog chased after the mailman.
98%
You must follow the five steps in order. You must follow the five steps in order.
83%
School is so boring. School is so boring.
79%
The football game is this Friday. The football game is this Friday.
58%
No matching quizzes found
Score Distribution
Percent of People with Each Score
Percentile by Number Answered
Your Score History
You have not taken this quiz